Government and Politics of the Contemporary Middle East : (Record no. 15021)
[ view plain ]
| 000 -LEADER | |
|---|---|
| fixed length control field | 01355cam a22003134a 4500 |
| 001 - CONTROL NUMBER | |
| control field | 16101589 |
| 005 - DATE AND TIME OF LATEST TRANSACTION | |
| control field | 20110217153504.0 |
| 008 - FIXED-LENGTH DATA ELEMENTS--GENERAL INFORMATION | |
| fixed length control field | 100223s2011 enk | b 001 0deng d |
| 010 ## - LIBRARY OF CONGRESS CONTROL NUMBER | |
| LC control number | 2010007850 |
| 020 ## - INTERNATIONAL STANDARD BOOK NUMBER | |
| International Standard Book Number | 9780415491440 (hardback) |
| 020 ## - INTERNATIONAL STANDARD BOOK NUMBER | |
| International Standard Book Number | 9780415491457 (pbk.) |
| 020 ## - INTERNATIONAL STANDARD BOOK NUMBER | |
| International Standard Book Number | 9780203847459 (ebook) |
| 040 ## - CATALOGING SOURCE | |
| Original cataloging agency | DLC |
| Transcribing agency | DLC |
| 043 ## - GEOGRAPHIC AREA CODE | |
| Geographic area code | aw----- |
| 050 00 - LIBRARY OF CONGRESS CALL NUMBER | |
| Classification number | DS63.1 |
| Item number | .G68 2011 |
| 082 00 - DEWEY DECIMAL CLASSIFICATION NUMBER | |
| Edition number | 22 |
| Classification number | 320.956 |
| Item number | ISM |
| 100 1# - MAIN ENTRY--PERSONAL NAME | |
| Personal name | Ismael, Tareq Y. |
| Relator term | Author |
| 9 (RLIN) | 22600 |
| 245 00 - TITLE STATEMENT | |
| Title | Government and Politics of the Contemporary Middle East : |
| Remainder of title | Continuity and Change / |
| Statement of responsibility, etc | Tareq Y. Ismael, Jacqueline S. Ismael ; with contributions from Shereen T. Ismael ... [et al.]. |
| 260 ## - PUBLICATION, DISTRIBUTION, ETC. (IMPRINT) | |
| Place of publication, distribution, etc | London : |
| Name of publisher, distributor, etc | Routledge, |
| Date of publication, distribution, etc | c2011. |
| 300 ## - PHYSICAL DESCRIPTION | |
| Extent | xv, 461p. ; |
| Dimensions | 20 cm. |
| 504 ## - BIBLIOGRAPHY, ETC. NOTE | |
| Bibliography, etc | Includes bibliographical references and index. |
| 541 ## - IMMEDIATE SOURCE OF ACQUISITION NOTE | |
| Source of acquisition | Bacca ; |
| 651 #0 - SUBJECT ADDED ENTRY--GEOGRAPHIC NAME | |
| Geographic name | Middle East |
| General subdivision | Politics and government |
| Chronological subdivision | 1979- |
| 9 (RLIN) | 22601 |
| 700 1# - ADDED ENTRY--PERSONAL NAME | |
| Personal name | Ismael, Jacqueline S. |
| Relator term | Author |
| 9 (RLIN) | 22602 |
| 700 1# - ADDED ENTRY--PERSONAL NAME | |
| Personal name | Ismael, Shereen T. |
| Relator term | Contributions |
| 9 (RLIN) | 22603 |
| 942 ## - ADDED ENTRY ELEMENTS (KOHA) | |
| Source of classification or shelving scheme | Dewey Decimal Classification |
| Item type | Book - Borrowing |
| Withdrawn status | Item status | Source of classification or shelving scheme | Damaged status | Not for loan | Vendor | Home library | Current library | Shelving location | Date acquired | Source of acquisition | Total Checkouts | Full call number | Barcode | Date last seen | Date last borrowed | Koha item type |
|---|---|---|---|---|---|---|---|---|---|---|---|---|---|---|---|---|
| Dewey Decimal Classification | Baccah | Central Library | Central Library | First floor | 15/03/2011 | 2 | 320.956 ISM | 000022885 | 15/07/2025 | 22/09/2013 | NB - Book (Non borrowing) |